Earth's Biggest Rainforests - Statistics

General Stats
  • This quiz has been taken 64 times
  • The average score is 3 of 10
Answer Stats
Rainforest size
(KM^2
Rainforest name % Correct
6.7 million Amazon
100%
1.6 million Congo
91%
25,000 Sumatra
40%
428,438 Borneo Lowland
38%
786,000 New Guinea
29%
60,346 Pacific
11%
20,000 Bosawas
4%
248,100 Valdivian
4%
222,100 Eastern Australian
2%
11,880 Wetland
2%
No matching quizzes found
Score Distribution
Percent of People with Each Score
Percentile by Number Answered
Your Score History
You have not taken this quiz